[Event "TTO-ch"]
[Site "Port of Spain"]
[Date "2019.09.15"]
[Round "9"]
[White "Merritt, Mario"]
[Black "Ramos Caldera, Cesar"]
[Result "1-0"]
[WhiteElo "2132"]
[BlackElo "1954"]
[PlyCount "61"]
[EventDate "2019.08.31"]
[EventType "tourn"]
[EventRounds "11"]
[EventCountry "TRI"]
[SourceTitle "EXT 2020"]
[Source "ChessBase"]
[SourceDate "2019.10.17"]
[SourceVersion "1"]
[SourceVersionDate "2019.10.17"]
[SourceQuality "1"]

1. Nf3 Nf6 2. c4 c5 3. g3 Nc6 4. Bg2 d5 5. cxd5 Nxd5 6. 0-0 e5 7. d3 Be7 8. Nc3 Nc7 9. Nd2 Bd7 10. Nc4 f6 11. a4 b6 12. f4 0-0 13. fxe5 fxe5 14. Rxf8+ Bxf8 15. Be3 Qe8 16. Nb5 Qb8 17. Nxe5 Nxe5 18. Nxc7 Qxc7 19. Bxa8 Ng4 20. Bd5+ Kh8 21. Qf1 Bd6 22. Qf7 Nf6 23. Rf1 Be8 24. Qxc7 Bxc7 25. b3 h6 26. Bc4 Kh7 27. d4 cxd4 28. Bxd4 Bd8 29. e4 Nxe4 30. Rf8 Nd6 31. Bd3+ 1-0

[Event "TTO-ch"]
[Site "Port of Spain"]
[Date "2019.09.07"]
[Round "4"]
[White "Harper, Ryan"]
[Black "Merritt, Mario"]
[Result "0-1"]
[WhiteElo "2196"]
[BlackElo "2132"]
[PlyCount "74"]
[EventDate "2019.08.31"]
[EventType "tourn"]
[EventRounds "11"]
[EventCountry "TRI"]
[SourceTitle "EXT 2020"]
[Source "ChessBase"]
[SourceDate "2019.10.17"]
[SourceVersion "1"]
[SourceVersionDate "2019.10.17"]
[SourceQuality "1"]

1. e4 c5 2. Nf3 d6 3. d4 cxd4 4. Nxd4 Nf6 5. Nc3 a6 6. a3 b5 7. Bg5 e6 8. f4 h6 9. Bh4 Be7 10. Qe2 Bb7 11. 0-0-0 Nxe4 12. Nxe4 Bxh4 13. Nf5 0-0 14. Nexd6 Bd5 15. Nxh4 Qxd6 16. Qf2 Nd7 17. Bd3 Qc6 18. Nf3 Rfc8 19. Nd4 Qc5 20. Kb1 b4 21. axb4 Qxb4 22. Qd2 Qb6 23. b3 Rab8 24. Qe3 Nc5 25. Rde1 Qb4 26. Kc1 Qxd4 27. Qxd4 Nxb3+ 28. Kd1 Nxd4 29. Rhg1 a5 30. Kd2 Rb2 31. Rb1 Ra2 32. g3 Nf3+ 33. Ke3 Nxg1 34. Rxg1 a4 35. Kd4 a3 36. Rb1 Rb2 37. Ra1 Rb4+ 0-1

[Event "TTO-ch"]
[Site "Port of Spain"]
[Date "2019.09.01"]
[Round "3"]
[White "Merritt, Mario"]
[Black "Soondarsingh, Dev"]
[Result "1-0"]
[WhiteElo "2132"]
[BlackElo "2030"]
[PlyCount "70"]
[EventDate "2019.08.31"]
[EventType "tourn"]
[EventRounds "11"]
[EventCountry "TRI"]
[SourceTitle "EXT 2020"]
[Source "ChessBase"]
[SourceDate "2019.10.17"]
[SourceVersion "1"]
[SourceVersionDate "2019.10.17"]
[SourceQuality "1"]

1. c4 c6 2. Nf3 d5 3. b3 Bf5 4. Bb2 e6 5. g3 Nf6 6. Bg2 Nbd7 7. 0-0 h6 8. d3 Be7 9. Nbd2 0-0 10. a3 a5 11. Ra2 Bh7 12. Qa1 Qb6 13. Bc3 c5 14. cxd5 exd5 15. d4 Rfe8 16. e3 cxd4 17. Bxd4 Bc5 18. Rc1 Bxd4 19. Qxd4 Rac8 20. Raa1 Qe6 21. Qa4 Qb6 22. Qd4 Qe6 23. Qa7 Qb6 24. Qxb6 Nxb6 25. Bh3 Rxc1+ 26. Rxc1 Re7 27. Rc5 g5 28. Rb5 Nbd7 29. Bxd7 Rxd7 30. h3 Rc7 31. Rxa5 Bd3 32. Ra4 Rc2 33. Rd4 Be2 34. Kg2 Kg7 35. g4 Z0 1-0

[Event "Olympiad-43"]
[Site "Batumi"]
[Date "2018.09.27"]
[Round "4.61"]
[White "Mohamed, Abderrahim Taleb Mo"]
[Black "Merritt, Mario"]
[Result "0-1"]
[WhiteElo "1776"]
[BlackElo "2175"]
[PlyCount "128"]
[EventDate "2018.09.24"]
[EventType "team-swiss"]
[EventRounds "11"]
[EventCountry "GEO"]
[SourceTitle "CBM 187"]
[Source "ChessBase"]
[SourceDate "2018.12.11"]
[SourceVersion "1"]
[SourceVersionDate "2018.12.11"]
[SourceQuality "1"]
[WhiteTeam "Mauritania"]
[BlackTeam "Trinidad and Tobago"]
[WhiteTeamCountry "MAU"]
[BlackTeamCountry "TRI"]

1. e4 c5 2. Nf3 d6 3. d4 cxd4 4. Nxd4 Nf6 5. Nc3 a6 6. Be3 e5 7. Nf3 Be7 8. Bc4 Be6 9. Bxe6 fxe6 10. 0-0 b5 11. a3 0-0 12. Qe2 Nc6 13. Rad1 Qc8 14. Rd3 Rb8 15. b4 Rb7 16. Rfd1 Nd8 17. Bg5 Rc7 18. Bxf6 Rxf6 19. Qd2 Nf7 20. Ne2 Rxc2 21. Qe3 Rc6 22. Rc3 Rxc3 23. Nxc3 Qb7 24. Ne2 Bd8 25. Ng3 Bb6 26. Qd2 g6 27. Qc1 Rf4 28. Qc2 d5 29. Rc1 dxe4 30. Qc8+ Qxc8 31. Rxc8+ Kg7 32. Rc6 Bxf2+ 33. Kxf2 exf3 34. gxf3 Ng5 35. Rxa6 Rxf3+ 36. Kg2 Rb3 37. Ne2 Kf6 38. Ra5 Nf3 39. Nc1 Nh4+ 40. Kf2 Rh3 41. Rxb5 Rxa3 42. Rb8 Nf5 43. b5 Rc3 44. b6 Nd6 45. b7 Nxb7 46. Rxb7 Rxc1 47. Rxh7 Rc3 48. Ke2 e4 49. Rh4 Kf5 50. Rh8 Rf3 51. Rf8+ Kg5 52. Rh8 Ra3 53. Rh7 Kg4 54. Rh6 Kf5 55. Rh7 g5 56. h3 Kg6 57. Rh8 Rf3 58. h4 g4 59. h5+ Kg7 60. Re8 Rf6 61. h6+ Kxh6 62. Rh8+ Kg5 63. Rh1 Rf3 64. Rh8 g3 0-1

[Event "Port of Spain Knights op 45th"]
[Site "Port of Spain"]
[Date "2018.05.17"]
[Round "7"]
[White "Merritt, Mario"]
[Black "Harper, Ryan"]
[Result "1-0"]
[WhiteElo "2182"]
[BlackElo "2309"]
[PlyCount "85"]
[EventDate "2018.04.05"]
[EventType "swiss"]
[EventRounds "7"]
[EventCountry "TRI"]
[SourceTitle "CBM 184 Extra"]
[Source "ChessBase"]
[SourceDate "2018.06.28"]
[SourceVersion "1"]
[SourceVersionDate "2018.06.28"]
[SourceQuality "1"]

1. Nf3 Nf6 2. c4 c5 3. g3 b6 4. Bg2 Bb7 5. 0-0 e6 6. b3 Be7 7. Bb2 0-0 8. e3 d6 9. Nc3 Qc7 10. Qe2 a6 11. d4 Nbd7 12. Rfd1 Rfd8 13. Rac1 Rac8 14. Ne1 Bxg2 15. Nxg2 Qb7 16. Nf4 Bf8 17. a4 Nb8 18. d5 e5 19. Nh5 Ne8 20. g4 g6 21. Ng3 Qe7 22. f4 Nd7 23. Rf1 Qh4 24. g5 Bg7 25. Nce4 f5 26. gxf6 Ndxf6 27. Ng5 exf4 28. exf4 Nc7 29. N3e4 Nxe4 30. Nxe4 Qe7 31. Rce1 Re8 32. Qd2 Qd7 33. Bxg7 Qxg7 34. Nxd6 Rxe1 35. Rxe1 Rf8 36. Ne4 Rd8 37. a5 Ne6 38. axb6 Nd4 39. Qd3 Re8 40. Nf6+ Qxf6 41. Rxe8+ Kf7 42. b7 Kxe8 43. b8Q+ 1-0

[Event "Port of Spain Knights op 45th"]
[Site "Port of Spain"]
[Date "2018.04.19"]
[Round "3"]
[White "Merritt, Mario"]
[Black "Cobham, Marcus"]
[Result "1-0"]
[WhiteElo "2182"]
[BlackElo "2019"]
[PlyCount "65"]
[EventDate "2018.04.05"]
[EventType "swiss"]
[EventRounds "7"]
[EventCountry "TRI"]
[SourceTitle "CBM 184 Extra"]
[Source "ChessBase"]
[SourceDate "2018.06.28"]
[SourceVersion "1"]
[SourceVersionDate "2018.06.28"]
[SourceQuality "1"]

1. c4 f5 2. g3 e6 3. Bg2 Nf6 4. Nf3 Be7 5. 0-0 0-0 6. b3 d6 7. d4 Ne4 8. Nfd2 Nxd2 9. Nxd2 Bf6 10. Bb2 c5 11. Nf3 Nc6 12. Qd2 e5 13. e3 cxd4 14. exd4 e4 15. Ne1 d5 16. Rd1 Bg5 17. Qc3 f4 18. cxd5 Qxd5 19. gxf4 Bxf4 20. Nd3 Bg4 21. Nxf4 Rxf4 22. Rde1 Bf3 23. Bxf3 exf3 24. Kh1 Rh4 25. Qc5 Qd8 26. Qf5 Nxd4 27. Bxd4 Rxd4 28. Qxf3 Qd7 29. Rd1 Rf8 30. Rxd4 Qxd4 31. Qxb7 Rxf2 32. Qc8+ Kf7 33. Qc4+ 1-0

[Event "De Verteuil Memorial 25th"]
[Site "Port of Spain"]
[Date "2017.11.02"]
[Round "5"]
[White "Cupid, Kevin"]
[Black "Merritt, Mario"]
[Result "0-1"]
[WhiteElo "2147"]
[BlackElo "2156"]
[PlyCount "114"]
[EventDate "2017.10.05"]
[EventType "swiss"]
[EventRounds "7"]
[EventCountry "TRI"]
[SourceTitle "CBM 187 Extra"]
[Source "ChessBase"]
[SourceDate "2018.11.04"]
[SourceVersion "1"]
[SourceVersionDate "2018.11.04"]
[SourceQuality "1"]

1. d4 Nf6 2. c4 c5 3. e3 g6 4. Nc3 Bg7 5. Bd3 0-0 6. Nge2 cxd4 7. exd4 d5 8. 0-0 dxc4 9. Bxc4 Nc6 10. Bg5 Na5 11. Bd3 Be6 12. Rc1 Rc8 13. Qd2 Nc4 14. Qc2 Qa5 15. Bh4 Nd6 16. Qb1 Bf5 17. Rcd1 Bxd3 18. Rxd3 Nf5 19. Bxf6 Bxf6 20. Rfd1 Rfd8 21. d5 Nd6 22. Nd4 Rc4 23. Nb3 Qb6 24. Rf3 Rdc8 25. Qd3 a5 26. Qe2 a4 27. Nd2 Rd4 28. Nf1 a3 29. Rxd4 Qxd4 30. Rd3 Qa7 31. Nd1 axb2 32. Nxb2 Qxa2 33. Rd2 Bg5 34. Ne3 Ne4 35. Rc2 Rxc2 36. Qxc2 Bxe3 37. fxe3 Qxd5 38. Nd3 b5 39. Nb4 Qf5 40. Nc6 Kf8 41. Nd4 Qd5 42. Nxb5 Qxb5 43. Qxe4 Qe2 44. h3 Qb5 45. Qh4 Qe5 46. Qh6+ Kg8 47. Kf2 Qf5+ 48. Ke2 Qh5+ 49. Qxh5 gxh5 50. Kf3 Kg7 51. Kf4 Kg6 52. Ke5 Kg5 53. g3 h6 54. e4 h4 55. g4 e6 56. Kd6 Kf4 57. Ke7 f5 0-1

[Event "De Verteuil Memorial 25th"]
[Site "Port of Spain"]
[Date "2017.10.26"]
[Round "4"]
[White "Merritt, Mario"]
[Black "Singh, Ravishen"]
[Result "1-0"]
[WhiteElo "2156"]
[BlackElo "2032"]
[PlyCount "103"]
[EventDate "2017.10.05"]
[EventType "swiss"]
[EventRounds "7"]
[EventCountry "TRI"]
[SourceTitle "CBM 187 Extra"]
[Source "ChessBase"]
[SourceDate "2018.11.04"]
[SourceVersion "1"]
[SourceVersionDate "2018.11.04"]
[SourceQuality "1"]

1. e4 c5 2. Nf3 d6 3. d4 cxd4 4. Nxd4 Nf6 5. Nc3 a6 6. Be3 Qc7 7. f3 e6 8. Qd2 Nbd7 9. 0-0-0 b5 10. g4 Nb6 11. Qf2 Nfd7 12. Bd3 Be7 13. Kb1 Bb7 14. g5 0-0 15. h4 Nc4 16. Bc1 b4 17. Nce2 d5 18. exd5 Bxd5 19. Nf4 Ndb6 20. h5 Bc5 21. Nxd5 exd5 22. Qh4 Na4 23. g6 Qe5 24. Bxc4 dxc4 25. h6 hxg6 26. hxg7 Qxg7 27. Bg5 Bxd4 28. Rxd4 f5 29. Bh6 Qf6 30. Bxf8 Qxh4 31. Rdxh4 Rxf8 32. Rh8+ Kf7 33. R1h7+ Ke8 34. Rxf8+ Kxf8 35. Ra7 Nc5 36. Rc7 Ne6 37. Rxc4 a5 38. a3 bxa3 39. bxa3 Kf7 40. Kc1 g5 41. Kd2 Kf6 42. Ra4 f4 43. Ke2 Kg6 44. Kf2 Kh5 45. Rxa5 Nd4 46. Rc5 Kh4 47. a4 g4 48. fxg4 Kxg4 49. a5 Ne6 50. Rc4 Ng5 51. a6 Nh3+ 52. Kg2 1-0

[Event "Port of Spain op"]
[Site "Port of Spain"]
[Date "2017.08.31"]
[Round "7"]
[White "Merritt, Mario"]
[Black "Husbands, Orlando"]
[Result "1/2-1/2"]
[WhiteElo "2162"]
[BlackElo "2338"]
[PlyCount "135"]
[EventDate "2017.08.27"]
[EventType "swiss"]
[EventRounds "9"]
[EventCountry "TRI"]
[SourceTitle "CBM 180 Extra"]
[Source "ChessBase"]
[SourceDate "2017.10.06"]
[SourceVersion "1"]
[SourceVersionDate "2017.10.06"]
[SourceQuality "1"]

1. c4 e5 2. g3 Nf6 3. Bg2 c6 4. d4 exd4 5. Qxd4 d5 6. Nf3 dxc4 7. Qxc4 Be6 8. Qc2 Na6 9. a3 Nc5 10. Nbd2 Bd5 11. 0-0 Be7 12. b4 Nce4 13. Nc4 0-0 14. Rd1 Ng4 15. Be3 Bf6 16. Rac1 Nxe3 17. Nxe3 Qb6 18. Rf1 a5 19. Nc4 Bxc4 20. Qxc4 Nd6 21. Qb3 axb4 22. axb4 Nb5 23. Rc5 Qa6 24. Rd1 Rfd8 25. Rxd8+ Rxd8 26. Rc1 Nc3 27. Bf1 Nxe2+ 28. Bxe2 Qxe2 29. Re1 Qb5 30. Kg2 g6 31. Re4 Qd3 32. Re8+ Kg7 33. Qxd3 Rxd3 34. Rb8 Rd7 35. Rc8 Bc3 36. b5 Rd6 37. Rb8 Bf6 38. Rxb7 cxb5 39. Rxb5 Rc6 40. Rd5 Rc2 41. h4 Ra2 42. Rd7 Ra4 43. Ng5 Bxg5 44. hxg5 Ra2 45. Rd8 h6 46. gxh6+ Kxh6 47. Rd5 f5 48. Rd6 Kh5 49. Rb6 Ra4 50. Rc6 g5 51. Rc8 Ra2 52. Rc4 Ra3 53. Rb4 Ra5 54. Rc4 Re5 55. Ra4 Re6 56. Rb4 Kg6 57. Rb8 Kf6 58. Rf8+ Kg6 59. Rg8+ Kh6 60. Rf8 Re5 61. f4 gxf4 62. gxf4 Ra5 63. Rg8 Ra2+ 64. Kf3 Ra3+ 65. Kf2 Ra2+ 66. Kf3 Ra1 67. Rg5 Ra3+ 68. Kf2 1/2-1/2

[Event "Port of Spain op"]
[Site "Port of Spain"]
[Date "2017.08.28"]
[Round "3"]
[White "Merritt, Mario"]
[Black "Zavarce Sayago, Oscar Enrique"]
[Result "0-1"]
[WhiteElo "2162"]
[BlackElo "2378"]
[PlyCount "72"]
[EventDate "2017.08.27"]
[EventType "swiss"]
[EventRounds "9"]
[EventCountry "TRI"]
[SourceTitle "CBM 180 Extra"]
[Source "ChessBase"]
[SourceDate "2017.10.06"]
[SourceVersion "1"]
[SourceVersionDate "2017.10.06"]
[SourceQuality "1"]

1. c4 b6 2. Nc3 c5 3. Nf3 Bb7 4. e4 d6 5. g3 g6 6. Bg2 Bg7 7. 0-0 Nc6 8. d3 a6 9. Be3 Nd4 10. Qd2 e6 11. Rae1 Rb8 12. h3 h6 13. Nh2 Ne7 14. g4 Nec6 15. f4 f5 16. Nf3 0-0 17. exf5 gxf5 18. g5 Nxf3+ 19. Rxf3 hxg5 20. Rg3 Bf6 21. Ne2 Nd4 22. Bxd4 cxd4 23. fxg5 Be5 24. Nf4 Bxg2 25. Rxg2 Qd7 26. Ng6 f4 27. Nxe5 dxe5 28. Rxe5 f3 29. Rf2 Rbe8 30. Qe1 Rf4 31. Rh2 Qf7 32. Kf2 Qg6 33. Kg3 Ref8 34. Rf2 R8f5 35. h4 Qh5 36. Rh2 f2 0-1

[Event "Port of Spain op 44th"]
[Site "Port of Spain"]
[Date "2017.05.04"]
[Round "3"]
[White "Merritt, Mario"]
[Black "Ramos Caldera, Cesar"]
[Result "1-0"]
[WhiteElo "2165"]
[BlackElo "2010"]
[PlyCount "97"]
[EventDate "2017.04.20"]
[EventType "swiss"]
[EventRounds "7"]
[EventCountry "TRI"]
[SourceTitle "EXT 2018"]
[Source "ChessBase"]
[SourceDate "2017.10.13"]
[SourceVersion "1"]
[SourceVersionDate "2017.10.13"]
[SourceQuality "1"]

1. c4 f5 2. Nc3 e5 3. d4 d6 4. Nf3 e4 5. Ng5 Be7 6. Nh3 Nf6 7. Bg5 0-0 8. Nf4 c6 9. e3 Ng4 10. Bxe7 Qxe7 11. h3 Nf6 12. h4 Bd7 13. Be2 Na6 14. Rb1 Nc7 15. b4 b5 16. cxb5 cxb5 17. Qb3+ Qf7 18. 0-0 a6 19. Qxf7+ Kxf7 20. Rfc1 Rfc8 21. Bd1 g6 22. Bb3+ Kg7 23. Rc2 a5 24. bxa5 Rxa5 25. Rbc1 Nce8 26. Ncd5 Rxc2 27. Rxc2 Nxd5 28. Nxd5 Ra7 29. Nb6 Nf6 30. Nxd7 Rxd7 31. Rc6 Ne8 32. Rc8 Nc7 33. Kf1 d5 34. Rb8 h6 35. Rb6 g5 36. h5 Ne8 37. Rxb5 Nf6 38. g3 Kf7 39. a4 Ke6 40. a5 Ra7 41. a6 Rc7 42. Rb7 Rxb7 43. axb7 Nd7 44. Bxd5+ Kd6 45. Bf7 f4 46. Bg6 Kd5 47. gxf4 gxf4 48. Kg2 Nb8 49. Kh3 1-0

[Event "De Verteuil Memorial 24th"]
[Site "Port of Spain"]
[Date "2016.11.03"]
[Round "5"]
[White "Merritt, Mario"]
[Black "Wiltshire, Esan"]
[Result "1-0"]
[WhiteElo "2151"]
[BlackElo "2106"]
[PlyCount "65"]
[EventDate "2016.10.06"]
[EventType "swiss"]
[EventRounds "7"]
[EventCountry "TRI"]
[SourceTitle "EXT 2018"]
[Source "ChessBase"]
[SourceDate "2017.10.13"]
[SourceVersion "1"]
[SourceVersionDate "2017.10.13"]
[SourceQuality "1"]

1. f4 Nf6 2. b3 g6 3. Bb2 Bg7 4. Nf3 0-0 5. g3 b5 6. Bg2 Bb7 7. 0-0 c5 8. c4 b4 9. d3 d6 10. e4 Nbd7 11. a3 Qc7 12. Ra2 Rae8 13. Ba1 e5 14. a4 Ng4 15. Re2 f5 16. exf5 e4 17. Bxg7 exf3 18. Bxf3 Bxf3 19. Rxf3 Kxg7 20. h3 Ngf6 21. fxg6 hxg6 22. Nd2 Rxe2 23. Qxe2 Re8 24. Ne4 Nb8 25. f5 Nxe4 26. dxe4 Qc6 27. Rf4 Nd7 28. Qg4 Ne5 29. f6+ Kf7 30. Qh4 Qd7 31. Qh6 Rf8 32. Rh4 Kxf6 33. Qxf8+ 1-0

[Event "De Verteuil Memorial 24th"]
[Site "Port of Spain"]
[Date "2016.10.27"]
[Round "4"]
[White "Martin, Mikel"]
[Black "Merritt, Mario"]
[Result "0-1"]
[WhiteElo "1878"]
[BlackElo "2151"]
[PlyCount "92"]
[EventDate "2016.10.06"]
[EventType "swiss"]
[EventRounds "7"]
[EventCountry "TRI"]
[SourceTitle "EXT 2018"]
[Source "ChessBase"]
[SourceDate "2017.10.13"]
[SourceVersion "1"]
[SourceVersionDate "2017.10.13"]
[SourceQuality "1"]

1. d4 Nf6 2. c4 g6 3. Nf3 Bg7 4. Nc3 0-0 5. e4 d6 6. Be2 e5 7. 0-0 Nc6 8. d5 Ne7 9. b4 a5 10. Ba3 axb4 11. Bxb4 b6 12. a4 Re8 13. a5 c5 14. dxc6 Nxc6 15. Qxd6 Bd7 16. Ba3 Rxa5 17. Qd3 Bg4 18. Nd5 Bxf3 19. Bxf3 Nd4 20. Bb4 Rxa1 21. Rxa1 Bf8 22. Bd2 Nd7 23. Be3 h5 24. Rb1 Bc5 25. Bd1 Nf8 26. Ba4 Re6 27. Bb5 Rd6 28. Ra1 Nfe6 29. h3 Nf4 30. Bxf4 exf4 31. e5 Re6 32. Qe4 f5 33. Ra8 fxe4 34. Rxd8+ Kg7 35. Rd7+ Kh6 36. Nxf4 Rxe5 37. Rd5 Re7 38. Rd7 Re5 39. Rd5 Rf5 40. Rxf5 Nxf5 41. Kf1 e3 42. Ne6 h4 43. Nxc5 bxc5 44. fxe3 Nxe3+ 45. Kf2 Nf5 46. Ba6 Nd6 0-1

[Event "TTO-ch"]
[Site "Port of Spain"]
[Date "2016.10.23"]
[Round "7"]
[White "Thomas, Rickson"]
[Black "Merritt, Mario"]
[Result "0-1"]
[WhiteElo "1843"]
[BlackElo "2154"]
[PlyCount "122"]
[EventDate "2016.10.15"]
[EventType "tourn"]
[EventRounds "11"]
[EventCountry "TRI"]
[SourceTitle "CBM 175 Extra"]
[Source "ChessBase"]
[SourceDate "2016.12.12"]
[SourceVersion "1"]
[SourceVersionDate "2016.12.12"]
[SourceQuality "1"]

1. d4 Nf6 2. c4 g6 3. Nc3 Bg7 4. e4 d6 5. f3 0-0 6. Nge2 c5 7. d5 a6 8. Ng3 e6 9. a4 h5 10. Be2 h4 11. Nf1 Nh7 12. Be3 e5 13. Qd2 f5 14. g3 Nd7 15. Kd1 Ndf6 16. Kc2 Nh5 17. Rg1 f4 18. Bf2 hxg3 19. hxg3 fxg3 20. Nxg3 Nf4 21. Be3 Bd7 22. Bd1 b5 23. axb5 axb5 24. Rxa8 Qxa8 25. cxb5 Bxb5 26. Be2 Ba4+ 27. b3 Bd7 28. Kb2 Rb8 29. Ra1 Rxb3+ 30. Kxb3 Qxa1 31. Bc4 Ng5 32. Qf2 Qa5 33. Kc2 Qb4 34. Bf1 c4 35. Nb1 Ba4+ 36. Kc1 c3 37. Qa2 Nxf3 38. Qa3 Qxa3+ 39. Nxa3 Nd4 40. Nh1 Bf6 41. Nf2 Bh4 42. Nd3 g5 43. Bxd4 Nxd3+ 44. Bxd3 exd4 45. Bb5 Bb3 46. Be2 Bg3 47. Nc2 Bf2 48. Na1 Ba4 49. Nc2 Kf7 50. Nb4 Kf6 51. Bg4 Be3+ 52. Kb1 Ke5 53. Bf5 Kf4 54. Nd3+ Kf3 55. e5 dxe5 56. d6 e4 57. Ne1+ Ke2 58. Nc2 d3 59. Bg4+ Kd2 60. d7 dxc2+ 61. Ka2 Bxd7 0-1

[Event "Port of Spain op"]
[Site "Port of Spain"]
[Date "2016.07.30"]
[Round "2"]
[White "Chevannes, Sabrina"]
[Black "Merritt, Mario"]
[Result "0-1"]
[WhiteElo "2069"]
[BlackElo "2145"]
[PlyCount "71"]
[EventDate "2016.07.29"]
[EventType "swiss"]
[EventRounds "9"]
[EventCountry "TRI"]
[SourceTitle "CBM 173 Extra"]
[Source "ChessBase"]
[SourceDate "2016.08.29"]
[SourceVersion "1"]
[SourceVersionDate "2016.08.29"]
[SourceQuality "1"]

1. d4 Nf6 2. Bf4 c5 3. e3 g6 4. Nf3 b6 5. Bd3 Bb7 6. Nbd2 Bg7 7. c3 0-0 8. h3 d6 9. 0-0 Nbd7 10. e4 cxd4 11. cxd4 e5 12. dxe5 dxe5 13. Be3 Qe7 14. Qe2 Rac8 15. Ba6 Bxa6 16. Qxa6 Nc5 17. Bxc5 Rxc5 18. Rac1 Rc7 19. Rc4 Rxc4 20. Qxc4 Rd8 21. Nb1 Nh5 22. Nc3 Nf4 23. g3 Rd3 24. Nd5 Qd7 25. gxf4 Rxf3 26. Qc8+ Qxc8 27. Ne7+ Kf8 28. Nxc8 exf4 29. Rd1 Bxb2 30. Rd8+ Kg7 31. Kg2 Ra3 32. Rd7 f3+ 33. Kg3 Be5+ 34. Kh4 Ra4 35. Nd6 Bxd6 36. Rxd6 0-1

[Event "De Verteuil Memorial 23rd"]
[Site "Port of Spain"]
[Date "2015.10.29"]
[Round "4"]
[White "Lee, Hayden"]
[Black "Merritt, Mario"]
[Result "0-1"]
[WhiteElo "1960"]
[BlackElo "2096"]
[PlyCount "75"]
[EventDate "2015.10.08"]
[EventType "swiss"]
[EventRounds "7"]
[EventCountry "TRI"]
[SourceTitle "CBM 169 Extra"]
[Source "ChessBase"]
[SourceDate "2015.12.18"]
[SourceVersion "1"]
[SourceVersionDate "2015.12.18"]
[SourceQuality "1"]

1. d4 Nf6 2. Nf3 g6 3. c4 c5 4. d5 b5 5. Qc2 Bg7 6. e4 d6 7. cxb5 a6 8. a4 0-0 9. Be2 axb5 10. Bxb5 Ba6 11. Ra3 Nbd7 12. 0-0 Ne8 13. Nc3 Nc7 14. Re1 Rb8 15. Bxa6 Nxa6 16. Nb5 Nb4 17. Qd1 Na6 18. h4 Qb6 19. h5 Nc7 20. Nc3 Qb4 21. Re2 Rb7 22. Bg5 Re8 23. Qc1 Ne5 24. Nxe5 Bxe5 25. Nd1 e6 26. hxg6 fxg6 27. Bf4 exd5 28. Bxe5 Rxe5 29. Nc3 dxe4 30. Qd2 d5 31. Qf4 Re6 32. Qg5 Qd4 33. Qd8+ Re8 34. Qd7 Reb8 35. Qd6 Qc4 36. Rd2 Re8 37. Qd7 Reb8 38. Qd6 0-1

[Event "Port of Spain Knights op"]
[Site "Port of Spain"]
[Date "2015.05.28"]
[Round "7"]
[White "Cupid, Kevin"]
[Black "Merritt, Mario"]
[Result "1-0"]
[WhiteElo "2054"]
[BlackElo "2086"]
[PlyCount "41"]
[EventDate "2015.04.16"]
[EventType "swiss"]
[EventRounds "7"]
[EventCountry "TRI"]
[SourceTitle "EXT 2023"]
[Source "ChessBase"]
[SourceDate "2022.10.05"]
[SourceVersion "1"]
[SourceVersionDate "2022.10.05"]
[SourceQuality "1"]

1. d4 Nf6 2. Nf3 c5 3. c3 g6 4. Nbd2 d5 5. dxc5 Bg7 6. e3 0-0 7. Be2 Qc7 8. b4 b6 9. cxb6 Qxc3 10. Rb1 axb6 11. Bb2 Qc6 12. Rc1 Qb7 13. Qb3 Bd7 14. b5 Rc8 15. Rxc8+ Bxc8 16. 0-0 Nbd7 17. Bd4 Nc5 18. Qb2 Nfd7 19. Ne5 f6 20. Nc6 e5 21. Bxc5 1-0

[Event "De Verteuil Memorial 22nd"]
[Site "Port of Spain"]
[Date "2014.11.20"]
[Round "5"]
[White "Ramos Caldera, Cesar"]
[Black "Merritt, Mario"]
[Result "0-1"]
[WhiteElo "2008"]
[BlackElo "2064"]
[PlyCount "84"]
[EventDate "2014.10.16"]
[EventType "swiss"]
[EventRounds "7"]
[EventCountry "TRI"]
[SourceTitle "EXT 2016"]
[Source "ChessBase"]
[SourceDate "2015.10.08"]
[SourceVersion "1"]
[SourceVersionDate "2015.10.08"]
[SourceQuality "1"]

1. e4 c5 2. Nc3 g6 3. g3 Bg7 4. Bg2 Nc6 5. d3 Nf6 6. Be3 d6 7. h3 Rb8 8. Nge2 b5 9. Qd2 b4 10. Nd1 Bd7 11. 0-0 0-0 12. Bh6 Bxh6 13. Qxh6 Nd4 14. Nxd4 cxd4 15. f4 Rb5 16. g4 Qc7 17. g5 Ne8 18. Rf2 Rc5 19. Rc1 Ng7 20. c3 Qa5 21. c4 Qxa2 22. Bf3 f6 23. gxf6 Rxf6 24. Qh4 Qa5 25. Kh2 g5 26. fxg5 Rxg5 27. Bg4 Qe5+ 28. Kh1 Bxg4 29. hxg4 Rfg6 30. Rh2 h5 31. Nf2 Qf4 32. Rg1 Qf3+ 33. Rgg2 Rxg4 34. Nxg4 Rxg4 35. Qf2 Qxd3 36. Rxg4 hxg4 37. Qe2 Qg3 38. Rg2 Qh3+ 39. Kg1 g3 40. Qd2 Qg4 41. Qe2 Qf4 42. Qd2 Qg4 0-1

[Event "De Verteuil Memorial 22nd"]
[Site "Port of Spain"]
[Date "2014.11.13"]
[Round "4"]
[White "Merritt, Mario"]
[Black "Bowles, Andrew"]
[Result "1-0"]
[WhiteElo "2064"]
[BlackElo "1901"]
[PlyCount "64"]
[EventDate "2014.10.16"]
[EventType "swiss"]
[EventRounds "7"]
[EventCountry "TRI"]
[SourceTitle "EXT 2016"]
[Source "ChessBase"]
[SourceDate "2015.10.08"]
[SourceVersion "1"]
[SourceVersionDate "2015.10.08"]
[SourceQuality "1"]

1. c4 Nf6 2. g3 g6 3. Bg2 Bg7 4. Nc3 c5 5. Nf3 0-0 6. 0-0 d5 7. cxd5 Nxd5 8. Nxd5 Qxd5 9. d3 Nc6 10. Be3 Qd6 11. Rc1 Nd4 12. Nxd4 cxd4 13. Bd2 Bd7 14. Qb3 Be6 15. Qa4 Bd5 16. Bb4 Qe6 17. Bxd5 Qxd5 18. Rc7 Rfe8 19. Rfc1 Bf8 20. R1c5 Qe6 21. Rxb7 Qxe2 22. Qc2 Qf3 23. Rcc7 Rec8 24. Rxa7 Rxa7 25. Rxc8 Rxa2 26. Qb1 Ra7 27. Rd8 Qg4 28. Qe1 Rc7 29. Bxe7 Rc8 30. Rxf8+ Rxf8 31. Bxf8 Kxf8 32. Kg2 Qf5 1-0

[Event "Olympiad-41"]
[Site "Tromsoe"]
[Date "2014.08.06"]
[Round "5.4"]
[White "Shrestha, Keshav"]
[Black "Merritt, Mario"]
[Result "1-0"]
[WhiteElo "2137"]
[BlackElo "2078"]
[PlyCount "123"]
[EventDate "2014.08.02"]
[EventType "team-swiss"]
[EventRounds "11"]
[EventCountry "NOR"]
[SourceTitle "CBM 162"]
[Source "ChessBase"]
[SourceDate "2014.09.17"]
[SourceVersion "1"]
[SourceVersionDate "2014.09.17"]
[SourceQuality "1"]
[WhiteTeam "Nepal"]
[BlackTeam "Trinidad and Tobago"]
[WhiteTeamCountry "NEP"]
[BlackTeamCountry "TRI"]

1. e4 c5 2. Nf3 g6 3. d4 cxd4 4. Nxd4 Nc6 5. Nc3 Bg7 6. Be3 Nf6 7. Bc4 Qa5 8. 0-0 0-0 9. Bb3 d6 10. h3 Bd7 11. Re1 Rfe8 12. f4 Rad8 13. Qd2 Nxd4 14. Bxd4 Bc6 15. Qe3 Nd7 16. Bxg7 Kxg7 17. Kh1 Qc5 18. Qf3 b5 19. a3 a5 20. Qd3 Nb6 21. Nd5 a4 22. Ba2 Bxd5 23. exd5 b4 24. axb4 Qxb4 25. c3 Qc5 26. Re4 Rb8 27. f5 Nd7 28. fxg6 hxg6 29. Qd2 Qb6 30. Rb4 Qa7 31. Rh4 Rh8 32. Rf4 Rh5 33. Raf1 Nf6 34. Qc2 Qc5 35. Rxa4 Nxd5 36. Bxd5 Qxd5 37. Kg1 Qc5+ 38. Kh2 Qe5+ 39. Kh1 Qd5 40. Rf3 Re5 41. Raf4 Re1+ 42. Rf1 Qe6 43. Rxf7+ Qxf7 44. Rxe1 Rf8 45. Qe2 e5 46. Rd1 Qf2 47. Qxf2 Rxf2 48. b4 Rc2 49. Rxd6 Rxc3 50. b5 Rb3 51. b6 Kh6 52. Kg1 Rb2 53. Re6 Kg7 54. Kh2 Rb3 55. h4 Kf7 56. Rc6 e4 57. g4 e3 58. Kg3 Rb4 59. Rc7+ Kf6 60. b7 Rb3 61. Kf3 Ke6 62. h5 1-0